Antworten mit gleichem Anfangs- und Endbuchstaben: L – M - Statistiken

Allgemein
  • Dieses Quiz wurde 310 mal gespielt
  • Das Durchschnittsergebnis liegt bei 19 aus 44
Antwortstatistiken
Hinweis Antwort % Korrekt
Essbesteck Löffel
99%
Hilfsmittel zum Zeichnen von Linien und zur Messung von Längen Lineal
98%
gesetzlich erlaubt legal
91%
Niveau, Ebene; Schwierigkeitsgrad Level
81%
treu, ergeben loyal
81%
Mama/Mutter auf Englisch Mum/Mom
78%
Wer in einem Geschäft Waren klaut, begeht ... Ladendiebstahl
72%
Anhänger des Islam Muslim
72%
instabil, schwach, unbeständig labil
71%
freiheitlich, freiheitsliebend und Freiheit befürwortend liberal
66%
Heilpflanze, die häufig zum Gewinn von Duftstoffen verwendet wird; auch namensgebend für einen violetten Farbton (8 Buchstaben) Lavendel
65%
englische Großstadt Liverpool
65%
Einrichtung, in der Kulturgüter gesammelt und ausgestellt werden Museum
64%
umgangssprachlich: Mut Mumm
63%
das Kleinst- oder Wenigstmögliche Minimum
57%
Nahrung Lebensmittel
55%
Was haben die ehemaligen Fußballer Bernd Nickel, Martin Max, Werner Olk, Frank Neubarth und Oliver Reck gemeinsam? Sie absolvierten in ihrer Karriere nur ein einziges (A-)... Länderspiel
50%
Im Laufe des Jahres 2020 wurde diese Stadt zur (nach Einwohnern) zweitgrößten Stadt Baden-Württembergs, indem sie Karlsruhe überholte. Mannheim
48%
Wenn etwas sehr lustig ist, sorgt es für so manchen ... (10 Buchstaben) Lachanfall
45%
chemisches Element mit der Ordnungszahl 12 Magnesium
43%
Grabmal für bedeutende Person(en) in Form eines Gebäudes Mausoleum
42%
deutscher Luftfahrtpionier (1848 - 1896): Otto ... Lilienthal
39%
Abschnitt der Zeitung, in dem über Ereignisse im Verbreitungsgebiet berichtet wird Lokalteil
38%
Schusswaffenpatrone; Krimiserie aus den 80ern; Speiseeis Magnum
38%
Opiat, das als starkes Schmerzmittel verwendet (und als Rauschgift missbraucht) wird Morphium
38%
Sprichwörtlich ernährt sich so das Eichhörnchen. mühsam
38%
Gerät, das Musikern den Takt vorgibt Metronom
37%
Abstimmung über die Zusammensetzung des Parlaments in einem Bundesland Landtagswahl
36%
eine milliardstel Tonne Milligramm
36%
ehemaliger Weltklasse-Tennisspieler, geboren 1960 in der Tschechoslowakei: Ivan ... Lendl
32%
zusammenklappbares Möbelstück Liegestuhl
32%
Alphatier, das die Schafherde anführt. Im übertragenen Sinne werden auch Menschen manchmal so bezeichnet. (10 Buchstaben) Leithammel
28%
Staatsbehörde Ministerium
16%
gemessene Lautstärke von Geräuschen (9 Buchstaben) Lärmpegel
15%
Genre in verschiedenen Kunstgattungen (v. a. Theater, Film, Literatur), bei dem die Betonung auf Problemen, Konflikten und (tiefen) Gefühlen liegt Melodram
13%
"Wort des Jahres" 1999 in Deutschland Millennium
11%
mit 256,50 Metern das zweithöchste Hochhaus Deutschlands: der Frankfurter ... Messeturm
10%
Denkschrift, Mitteilung, Stellungnahme (10 Buchstaben) Memorandum
9%
US-amerikanischer Psychologe (1933 - 1984), der ein weltbekanntes, nach ihm selbst benanntes psychologisches Experiment entwickelte, das den Gehorsam gegenüber Autoritäten untersucht: Stanley ... Milgram
8%
Teure, aufwändige, epische, überlange Spielfilme wie "Vom Winde verweht", "Quo vadis?", "Ben Hur", "Doktor Schiwago" oder "Gandhi" werden manchmal so bezeichnet (Singular) (14 Buchstaben) Monumentalfilm
8%
verzierte Buchstabenkombination, die meistens als Abkürzung für eine bestimmte Person oder Personengruppe steht Monogramm
6%
aus dem Englischen entlehnter Begriff, mit dem die Mehrheit einer Gesellschaft sowie deren Werte (oft abwertend) bezeichnet wird Mainstream
5%
US-amerikanischer Schauspieler (1917 - 1997), der in Filmen wie "Die Nacht des Jägers", "Fluß ohne Wiederkehr" oder "Ein Köder für die Bestie" mitspielte: Robert ... Mitchum
5%
US-amerikanischer Astronaut (Apollo 13): Jim ... Lovell
3%
Keine übereinstimmenden Quizze gefunden
Verteilung der Resultate
Anzahl Personen mit jedem Resultat
Perzentil nach korrekt beantworteten Fragen
Ihre Resultats-Entwicklung
Sie haben dieses Quiz noch nicht gespielt